00954nam a22002175i 4500001000500000005001700005020001800022020001800040040003000058050002700088082000800115100001400123245006200137260003800199300002300237490004500260505000600305520038900311521001800700521001800718202820231031104345.0 a9781449477882 a9789814655330 aDLCbengerdacDLCdFISKH aPZ7 OCN894617167 S823  aFic1 aLow, A.J.10aSherlock Sam and the stolen script balestier /cA.J. Low. aSingapore :bEpigram Books,c2014 a167 pages :c22 cm 3The Fiendish Mastermind TriologyaBook 2 aK aAfter getting in trouble with his parents over the mayhem in MacRitchie, Sherlock Sam was forced to disband the Supper Club. However, his arch-nemesis continues to taunt him.This time, the top-secret final script of Singapore's most popular television series is stolen! Can Sherlock Sam, Watson and their friends resolve the dastardly plot twists in their way? Stay tuned to find out! a620 bLexile aK bRaz-Plus